LEADER 01741nam a2200325 4500 001 000000347768 003 CaOOAMICUS 005 20210910110630.0 008 210910s2018 it 000 u ita r 020 $a978-88-8450-841-6 040 $aSeMil$bita 041 1 $aita$alat 100 0 $aLiutprandus : Cremonensis,$d.$0(OLS)http://semarc/name/31385 240 10$aHistoria Ottonis.$0(OLS)http://semarc/title/437068 245 10$aDe Iohanne papa et Ottone imperatore :$bcrimini, deposizione e morte di un pontefice maledetto /$cLiutprando di Cremona ; a cura di Paolo Chiesa. 264 1$aFirenze :$bEdizioni del Galluzzo per la Fondazione Ezio Franceschini,$c2018. 300 $aCLXXX, 137 p. ;$c24 cm 490 1 $a Per verba ;$v33 500 $aTrascrizione del ms Clm 6388 conservato presso la Bayerische Staatsbibliothek di Monaco 504 $aBibliografia, p. [XLIX]-LIX 546 $aTesto latino e traduzione italiana a fronte 600 04$aGiovanni XXII - Rapporti [con] Ottone I - 960-964 - Opere anteriori al 1900.$0(OLS)http://semarc/subject/50948 700 1 $aChiesa, Paolo,$d<1956- >.$0(OLS)http://semarc/name/3777 830 0$aPer verba ;$v33.$0(OLS)http://semarc/title/433665 850 $aSeMil 852 $aSeMil$W1$xVenegono$y1$m2WA H 33$j251470$B238821$CSeMilBibl$Z2$F238821 $81 996 $6020$a978-88-8450-841-6$9(OLS)http://semarc/number/294080 996 $6245$aDe Iohanne papa et Ottone imperatore :$bcrimini, deposizione e morte di un pontefice maledetto$9(OLS)http://semarc/title/437069 996 $6264$aFirenze :$bEdizioni del Galluzzo per la Fondazione Ezio Franceschini$9(OLS)http://semarc/publisher/35403 LEADER 01371nam a2200241 i 4500 001 000000029670 003 CaOOAMICUS 005 20200721152919.0 008 180830s1793 it u000 u ita u 040 $aSeMil$bita 100 1 $aScaramelli, Giovanni Battista,$c.$0(OLS)http://semarc/name/9722 245 10$aDirettorio ascetico, in cui s'insegna il modo di condurre l'anime per vie ordinarie della grazia alla perfezione cristiana, indirizzato ai direttori dell'anime. Opera del padre Gio. Battista Scaramelli della Compagnia di Gesł. Tomo 1. [-2.]. 260 $aIn Venezia :$bPresso Simone Occhi,$c1793. 300 $a2 v. ;$c4°. 500 $aCors. ; rom. - Testo su due colonne. - Iniz. xilogr. 500 $aLegati insieme i 2 vol. 650 4$aAscetica e mistica - Manuali.$0(OLS)http://semarc/subject/4031 700 1 $aOcchi, Simone,$c.$0(OLS)http://semarc/name/2607 774 0 $tTomo 1.$w()228557 774 0 $tTomo 2.$w()228609 996 $6245$aDirettorio ascetico, in cui s'insegna il modo di condurre l'anime per vie ordinarie della grazia alla perfezione cristiana, indirizzato ai direttori dell'anime. Opera del padre Gio. Battista Scaramelli della Compagnia di Gesł. Tomo 1. [-2.]$9(OLS)http://semarc/title/40321 996 $6260$aIn Venezia :$bPresso Simone Occhi$9(OLS)http://semarc/publisher/31176